Impacto del Liderazgo Directivo en los Centros Educativos Dr. Juan Francisco Pérez Velásquez y Simón Rodríguez del Distrito Educativo 16-06, Bonao, en el Periodo Agosto-Diciembre 2012 (Record no. 302)

MARC details
000 -LEADER
campo de control de longitud fija 02522nam a2200577Ia 4500
001 - NÚMERO DE CONTROL
campo de control 334
008 - DATOS DE LONGITUD FIJA--INFORMACIÓN GENERAL
campo de control de longitud fija 241029s9999 xx 000 0 und d
010 ## - NÚMERO DE CONTROL DE LA BIBLIOTECA DEL CONGRESO
Número de control de LC 302
041 ## - CÓDIGO DE IDIOMA
Código de lengua del texto/banda sonora o título independiente Español
082 ## - NÚMERO DE LA CLASIFICACIÓN DECIMAL DEWEY
Número de clasificación MGC13-005
245 #0 - MENCIÓN DEL TÍTULO
Título Impacto del Liderazgo Directivo en los Centros Educativos Dr. Juan Francisco Pérez Velásquez y Simón Rodríguez del Distrito Educativo 16-06, Bonao, en el Periodo Agosto-Diciembre 2012
260 ## - PUBLICACIÓN, DISTRIBUCIÓN, ETC.
Lugar de publicación, distribución, etc. Puerto Plata
300 ## - DESCRIPCIÓN FÍSICA
Extensión 127
520 ## - RESUMEN, ETC.
Sumario, etc. 5
520 ## - RESUMEN, ETC.
Sumario, etc. El estudio se planteó como objetivo general  determinar el impacto del liderazgo directivo en los  Centros Educativos Dr. Juan Francisco Pérez  Velásquez y Simón Rodríguez  del Distrito Educativo 16-06, Bonao.La investigación fue de carácter descriptivo, porque se realizó una descripción general y minuciosa sobre el liderazgo.  Se realizó bajo un enfoque cuantitativo y cualitativo, ya que presentó los resultados de manera numérica y describió la realidad tal como la experimenta.  La técnica utilizada fue la encuesta y como instrumento el cuestionario. El estudio evidenció que en lo relativo al nivel de apreciación de los educadores, el 43% estuvo en desacuerdo sobre la existencia del liderazgo ejercido por los directivos de los centros educativos objetos de estudio.  El 52% de los docentes afirmó que el liderazgo ejercido los directores es autoritario.
630 ## - PUNTO DE ACCESO ADICIONAL DE MATERIA--TÍTULO UNIFORME
Título uniforme Acompañamiento Escolar
630 ## - PUNTO DE ACCESO ADICIONAL DE MATERIA--TÍTULO UNIFORME
Título uniforme Actores Educativos
630 ## - PUNTO DE ACCESO ADICIONAL DE MATERIA--TÍTULO UNIFORME
Título uniforme Liderazgo
630 ## - PUNTO DE ACCESO ADICIONAL DE MATERIA--TÍTULO UNIFORME
Título uniforme Modelo de Gestión
630 ## - PUNTO DE ACCESO ADICIONAL DE MATERIA--TÍTULO UNIFORME
Título uniforme Supervisión Curricular
650 ## - PUNTO DE ACCESO ADICIONAL DE MATERIA--TÉRMINO DE MATERIA
Término de materia o nombre geográfico como elemento de entrada Liderazgo
690 ## - PUNTO DE ACCESO ADICIONAL DE MATERIA LOCAL--TÉRMINO DE MATERIA (OCLC, RLIN)
Término de materia o nombre geográfico como elemento inicial Elaborado
700 ## - ENTRADA AGREGADA--NOMBRE PERSONAL
Término indicativo de función/relación asesor
Nombre de persona Mencía , Pedro
700 ## - ENTRADA AGREGADA--NOMBRE PERSONAL
Término indicativo de función/relación autor
Nombre de persona García Hernández, Elmeli Altagracia
700 ## - ENTRADA AGREGADA--NOMBRE PERSONAL
Término indicativo de función/relación autor
Nombre de persona Reyes, Tania
901 ## - ELEMENTOS DE DATOS A LOCAL LDA (RLIN)
a {"1":"García Hernández","2":"Reyes"}
b {"1":"Elmeli Altagracia","2":"Tania"}
902 ## - ELEMENTOS DE DATOS B LOCAL, LDB (RLIN)
a 1
903 ## - ELEMENTOS DE DATOS C LOCAL, LDC (RLIN)
a {"1":"Mencía "}
b {"1":"Pedro"}
904 ## - ELEMENTOS DE DATOS D LOCAL, LDD (RLIN)
a Magíster en
905 ## - ELEMENTOS DE DATOS E LOCAL, LDE (RLIN)
a Educación
906 ## - ELEMENTOS DE DATOS F LOCAL, LDF (RLIN)
a 1
907 ## - ELEMENTOS DE DATOS G LOCAL, LDG (RLIN)
a Mención en
908 ## - COLOCAR PARÁMETRO DE COMANDO (RLIN)
Colocar parámetro de comando Gestión de Centros Educativos
909 ## -
-- Universidad Abierta para Adultos (UAPA), Recinto Santiago
910 ## - DATOS DE OPCIÓN DEL USUARIO (OCLC)
Datos de opción del usuario NULL
-- NULL
911 ## - EQUIVALENCIA O REFERENCIA-CRUZADA-NOMBRE DE CONFERENCIA O REUNIÓN/CONGRESO [LOCAL, CANADÁ]
Nombre de congreso/reunión o jurisdicción como elemento de entrada ["1"]
912 ## -
-- NO APLICA
913 ## -
-- NULL
914 ## -
-- 28 de Febrero de 2013
915 ## -
-- 05/05/14 09:05
916 ## -
-- NULL
917 ## -
-- NULL
918 ## -
-- NO APLICA
919 ## -
-- ["207","7","131","141","188"]
921 ## -
-- 11
922 ## -
-- 11
923 ## -
-- 0
924 ## -
-- NO APLICA
942 ## - ELEMENTOS DE ENTRADA SECUNDARIOS (KOHA)
Tipo de ítem Koha

No items available.

© 2024. Todos los Derechos Reservados. Desarrollado por IDEICE